| 000 | 00879nam a2200277Ia 4500 | ||
|---|---|---|---|
| 001 | Z_350 | ||
| 003 | CHAP | ||
| 008 | 220113s1983 xx 000 0 und d | ||
| 010 | _a163326 | ||
| 040 | _cCHAP | ||
| 090 | _aTesis C 220 | ||
| 100 |
_aCervantes Barriga, Francisco _921550 |
||
| 245 |
_aEstudio de algunos caracteres de producción hasta el destete de corderos Suffolk en el Valle de México / _cpor Francisco Cervantes Barriga |
||
| 260 |
_aChapingo, Méx. : _bEl autor, _c1983 |
||
| 300 | _a50 h. gráfs. | ||
| 502 | _aTesis (Ing. Agrónomo Esp. en Zootecnia) -- UACH. Departamento de Zootecnia | ||
| 650 |
_aGanado lanar _xDestete _945169 |
||
| 650 |
_aGanado lanar _xEfecto del medio ambiente _945172 |
||
| 650 |
_aGanado lanar _xProducción _945214 |
||
| 901 | _aTESIS C 220 | ||
| 902 | _aM | ||
| 910 | _a1983 | ||
| 942 | _c2 | ||
| 942 | _c2 | ||
| 999 |
_c163326 _d163326 |
||